Daň z príjmov právnických osôb a odpisy z majetku podniku.
Daň z príjmov právnických osôb platná od 1.1.1993 nahradila odvody zo zisku, dôchodkovú daň a poľnohospodársku daň zo zisku. Daň z objemu miezd bola nahradená poistným a príspevkom do fondu zamestnanosti. Daňovníci, predmet dane, základ dane, úľavy na dani. V zákone o dani z príjmov je venovaná pozo...
Guardado en:
| Autor principal: | |
|---|---|
| Formato: | Capítulo de libro |
| Lenguaje: | eslovaco |
| Materias: | |
| Etiquetas: |
Sin Etiquetas, Sea el primero en etiquetar este registro!
|
MARC
| LEADER | 00000naa a2200000 4500 | ||
|---|---|---|---|
| 001 | r013302 | ||
| 005 | 20221214064836.1 | ||
| 041 | 0 | |a slo | |
| 044 | |a SK | ||
| 245 | 1 | 0 | |a Daň z príjmov právnických osôb a odpisy z majetku podniku. |c Elena Šúbertová |
| 520 | |a Daň z príjmov právnických osôb platná od 1.1.1993 nahradila odvody zo zisku, dôchodkovú daň a poľnohospodársku daň zo zisku. Daň z objemu miezd bola nahradená poistným a príspevkom do fondu zamestnanosti. Daňovníci, predmet dane, základ dane, úľavy na dani. V zákone o dani z príjmov je venovaná pozornosť odpisom hmotného a nehmotného majetku. | ||
| 610 | 2 | 0 | |a dane |
| 610 | 2 | 0 | |a dane z príjmov |
| 610 | 2 | 0 | |a daňovníci |
| 610 | 2 | 0 | |a úľavy daňové |
| 610 | 2 | 0 | |a odpisy |
| 610 | 2 | 0 | |a zákony |
| 610 | 2 | 0 | |a 1993 |
| 610 | 2 | 0 | |a Slovensko |
| 100 | 1 | |a Šúbertová, Elena | |